Strategic leadership : Managing the missing links
Saved in:
| Main Author: | |
|---|---|
| Other Authors: | |
| Format: | Book |
| Language: | English |
| Published: |
London :
McGraw-Hill Book Company,
1993
|
| Edition: | 2nd ed. |
| Subjects: | |
| Tags: |
Add Tag
No Tags, Be the first to tag this record!
|
MARC
| LEADER | 00000nam a2200000 i 4500 | ||
|---|---|---|---|
| 001 | 1/37945 | ||
| 008 | 960112s1993 eng d | ||
| 020 | |a 0-07-707763-6 | ||
| 035 | |l 10024771 | ||
| 040 | |a GR-MY-UA |b gre |e aacr | ||
| 041 | 0 | |a eng | |
| 082 | 0 | |a 658.4012 | |
| 100 | 1 | |a Handscombe, Richard S. | |
| 245 | 1 | 0 | |a Strategic leadership : |b Managing the missing links / |c Richard S. Handscombe, Philip A. Norman |
| 250 | |a 2nd ed. | ||
| 260 | |a London : |b McGraw-Hill Book Company, |c 1993 | ||
| 300 | |a 300 p. | ||
| 500 | |a Includes index | ||
| 650 | 0 | 0 | |a Strategic planning. |
| 650 | 0 | 0 | |a Technology |x Management. |
| 650 | 0 | 0 | |a Customer services |x Management. |
| 650 | 0 | 0 | |a Management audit. |
| 700 | 1 | |a Norman, Philip A. | |
| 852 | |a INST |b CHIOS |e 19960112 |h 658.4012 HAN |p 005200003545 |q 005200003545 |t BK |y 0 | ||
| 909 | |a Χ |b 037908 | ||